| 000 | 00763nam a2200121Ia 4500 | ||
|---|---|---|---|
| 008 | 220620s9999||||xx |||||||||||||| ||und|| | ||
| 100 | _aOhira, Tsuyoshi||Fujimoto, Tetsushi||Sekiguchi, Tomoki | ||
| 245 | 0 | _aChapter 7 Organizational Stress in Contemporary Japan | |
| 546 | _aEnglish[eng] | ||
| 650 | _aEmotional exhaustion; entrepreneurial role stress; entrepreneurs; global workplace issues; job satisfaction; midlife career stress; occupational stress; occupational therapy theory; organization; organizational stress; patho-physiology; stress; stress identification; stress management; stress management techniques; work-life balance | ||
| 856 | _uhttps://library.oapen.org/bitstream/20.500.12657/50767/1/9780429292538_10.4324_9780429292538-7.pdf | ||
| 942 | _cEB | ||
| 999 |
_c31539 _d31539 |
||